Visualizzazione normale
Vista MARC
- Sliwiak T.
di Personal Name
Records bibliografici associati: 1
001 - CONTROL NUMBER
- control field: 24930
003 - CONTROL NUMBER IDENTIFIER
- control field: IT-RoPau
005 - DATE AND TIME OF LATEST TRANSACTION
- control field: 20140514145338.0
008 - FIXED-LENGTH DATA ELEMENTS
- fixed length control field: 140514|| aca||aabn | a|a d
040 ## - CATALOGING SOURCE
- Original cataloging agency: IT-RoPau
- Transcribing agency: IT-RoPau
100 ## - HEADING--PERSONAL NAME
- Personal name: Sliwiak T.
- Dates associated with a name: Codice autore testo/musica SPICS: 25535
- Relator term: Autore testo/musica
- Name of part/section of a work: Swieto Strachow - Musze Miec Dziewczyne - Szczescie Nosi Twoje Imie
670 ## - SOURCE DATA FOUND
- Source citation: Work cat.: (IT-RoPau)102516: AA.VV. 794, Z Archiwum Polskiego Beatu, vol. 20 (Lp Sx 2528)